Metallica Lyrics – #8: No Remorse - Statistics

General Stats
  • This quiz has been taken 25 times
  • The average score is 43 of 157
Answer Stats
Answer % Correct
No
100%
"No
100%
no
100%
remorse
100%
remorse"
100%
remorse,
100%
a
78%
don't
67%
it
67%
It
67%
We
67%
repent
56%
the
56%
The
56%
what
56%
Another
44%
another
44%
breath
44%
care
44%
day,
44%
death
44%
meant
44%
sorrow
44%
sorrow,
44%
for
33%
we're
33%
We're
33%
you
33%
As
22%
at
22%
doing
22%
is
22%
its
22%
kill
22%
Like
22%
like
22%
mercy
22%
need
22%
one
22%
to
22%
your
22%
are
11%
Attack
11%
Bullets
11%
dying
11%
end
11%
feel
11%
flying,
11%
going,
11%
helpless
11%
here
11%
land
11%
their
11%
thought
11%
war
11%
War
11%
way
11%
will
11%
With
11%
without
11%
abuse
0%
across
0%
all
0%
anyone
0%
becomes
0%
Blood
0%
blood
0%
bodies
0%
breaking
0%
Cannons
0%
comers
0%
command
0%
done
0%
eats
0%
even
0%
face
0%
feeds
0%
fighting,
0%
flowing
0%
frightening,
0%
furious
0%
given
0%
gun
0%
hell's
0%
hounding,
0%
know
0%
lightning
0%
loaded
0%
loose
0%
machine
0%
machines
0%
madness
0%
mounting
0%
near
0%
Only
0%
people
0%
race
0%
ready
0%
right
0%
save
0%
shouting
0%
Soldiers
0%
starts
0%
strong
0%
surrounding,
0%
survive
0%
swords
0%
take
0%
weaker
0%
we've
0%
No matching quizzes found
Score Distribution
Percent of People with Each Score
Percentile by Number Answered
Your Score History
You have not taken this quiz